Joan edukira

Методические рекомендации по выполнению лабораторных работ по дисциплине «Аппаратные средства телекоммуникационных систем» учебно-методическое пособие

Учебно-методическое пособие «Методические рекомендации по выполнению лабораторных работ по дисциплине «Аппаратные средства телекоммуникационных систем» содержит методические указания для выполнения лабораторных работ по разработке схем дистанционной сигнализации колебаний температуры, перемещений, п...

Deskribapen osoa

Gorde:
Xehetasun bibliografikoak
Egile nagusia: Гребешков А. Ю.
Formatua: Книга
Hizkuntza:Russian
Argitaratua: Самара ПГУТИ 2024
Gaiak:
Sarrera elektronikoa:https://e.lanbook.com/book/463511
https://e.lanbook.com/img/cover/book/463511.jpg
Etiketak: Etiketa erantsi
Etiketarik gabe, Izan zaitez lehena erregistro honi etiketa jartzen!
LEADER 03363nam0a2200409 i 4500
001 463511
003 RuSpLAN
005 20250516154116.0
008 250516s2024 ru gs 000 0 rus
040 |a RuSpLAN 
041 0 |a rus 
044 |a ru 
080 |a 654.1:654.94 
245 0 0 |a Методические рекомендации по выполнению лабораторных работ по дисциплине «Аппаратные средства телекоммуникационных систем»  |b учебно-методическое пособие  |c Гребешков А. Ю. 
260 |a Самара  |b ПГУТИ  |c 2024 
300 |a 48 с. 
504 |a Библиогр.: доступна в карточке книги, на сайте ЭБС Лань 
520 8 |a Учебно-методическое пособие «Методические рекомендации по выполнению лабораторных работ по дисциплине «Аппаратные средства телекоммуникационных систем» содержит методические указания для выполнения лабораторных работ по разработке схем дистанционной сигнализации колебаний температуры, перемещений, прочих явлений путем считывания по проводным линиям связи с помощью микроконтроллера Arduino показаний датчиков и сенсоров. Разработано в соответствии с ФГОС ВО по специальности 10.05.02 «Информационная безопасность телекоммуникационных систем», специализация «Защита информации в системах связи и управления» для студентов специалитета, в соответствии с ФГОС ВО по направлению подготовки бакалавров 10.03.01 «Информационная безопасность», профиль «Безопасность телекоммуникационных систем» для студентов бакалавриата, очной и заочной формы обучения, для подготовки к лабораторным работам. 
521 8 |a Книга из коллекции ПГУТИ - Инженерно-технические науки 
521 8 |a СЭБ 
653 0 |a световые индикаторы 
653 0 |a аналоговый датчик 
653 0 |a дистанционная сигнализация 
653 0 |a lcd дисплей 
653 0 |a датчики 
653 0 |a светодиод 
653 0 |a rgb светодиод 
653 0 |a фоторезистор 
653 0 |a датчик температуры 
653 0 |a пищалка 
653 0 |a ультразвуковой дальномер 
653 0 |a pir датчик движения 
653 0 |a датчик dht22 
100 1 |a Гребешков А. Ю. 
856 4 |u https://e.lanbook.com/book/463511 
856 4 8 |u https://e.lanbook.com/img/cover/book/463511.jpg 
953 |a https://e.lanbook.com/img/cover/book/463511.jpg